000 00580nam a2200157 i 4500
001 190184
003 ES-MaACL
005 20230906223647.0
008 200908s1885 fr |||| | fre d
245 0 0 _aLivret-guide de Pau
_b: description, climat, histoire, sports, beaux arts, promenades, excursions, renseignements.
260 _aPau :
_bAu bureaux de l'Union syndicale ;
_aZurich :
_bOrell Fussli éditeurs,
_c[1885]
300 _a47 p. :
_bil. ;
_c16 cm.
500 _aFecha tomada página 31.
651 4 _aPau (Francia)-
_vGuías.
_9137298
852 _aES-MaACL
_jT-643-F-9
999 _c190184
_d190184